00853nam a2200217 i 4500001000300000245020200003250002000205260002700225300002800252504003800280650002500318655003000343700002500373710005300398020001500451040000800466041000700474080001500481008004100496856009800537bg00aMateriały budowlane :bćwiczenia laboratoryjne : podręcznik dla studentów wyższych szkół technicznych /cJacek Śliwiński [et al.] ; Politechnika Krakowska im. Tadeusza Kościuszki. aWyd. 3 poszerz. aKraków :bPK,c2001. a186 s. :bil. ;c24 cm. aBibliogr., wykaz norm przy rozdz. 9aMateriały budowlane aPodręczniki akademickie1 aŚLIWIŃSKI, Jacek 0aPolitechnika Krakowska im. Tadeusza Kościuszki a8372421412 cBPK0 apl a691(075.8) s pl f |000 0 pol  uhttp://koha.tu.koszalin.pl/cgi-bin/koha/opac-detail.pl?biblionumber=39928yKatalog online BPK